000 00659nam a2200241Ia 4500
003 OSt
005 20220928104917.0
006 a|||||r|||| 00| 0
007 ta
008 220927b |||||||| |||| 00| 0 eng d
024 _a47136
037 _cTextual
040 _aSDCL
_cSDCL
_beng
041 _2eng
_aeng
082 _aV5'N7<N4, L3
100 _aWaterlow Charlotte
_9412804
245 0 _aEurope 1945 to 1970.
260 _aLondon
_bMethuen Educational
_c1973
300 _a316p.
_ccm.
700 _a Evans Archibald
_9412805
942 _hV5'N7<N4, L3
_cTEXL
_2CC
999 _c728553
_d728553